000 00518nam a2200181Ia 4500
008 151018s9999 xx 000 0 und d
082 _bRBASDV19998
_a891.463
100 _aना ज जाईल
245 _aकालिंदी
250 _b1
260 _bप्रमोद प्रकाशन पुणे
_c1978
300 _a174
600 _aना ज जाईल
630 _aकालिंदी
700 _aना ज जाईल
730 _aकालिंदी
942 _cBOOK
999 _c1020626
_d1020623